01176nab a2200217 uc450000100070000000500170000700800410002403500110006503500210007604000130009704100080011010000450011824500620016352004600022565000450068565000370073065000450076777301170081294200100092999900190093955668120240829092151.0991020nuuuuuuuu spa  a556681 a(OCoLC)819814337 ccomduadb aspa10aMarkides, Constantinos4auteaut932649113aLa innovación estratégica en empresas ya establecidas3 aRESUMEN : "En el campo de la innovación estratégica , el gran problema para las pequeñas empresas o los recién llegados es la propia formulación de nuevas ideas estratégicas. Por otra parte el gran problema para las empresas ya establecidas es de índole organizativo: necesitan desarrollar la cultura, la mentalidad y el entorno que les permitan seguir poniendo en duda el éxito actual a la vez que fomentan la experimentación continua." 7aPlanificación estratégica2lemb9837 aInnovación empresarial9192516 7aPlanificación empresarial2lemb9299240 tHarvard Deusto Business Review (Barcelona)gNúmero 088, Enero-Febrero 1999, p. 22-32w373791z0210900X0112195 cARIMP c129386d129386